000 00264nam a2200097Ia 4500
001 657872
005 20250826154624.0
008 250824s9999 xx 000 0 und d
245 0 _aHACI MURAT ANTİK OKUL KLASİKLERİ
_cTOLSTOY
260 _bANTİK DÜNYA KLASİKLERİ
999 _c657872
_d657872